[Event "BL2-Ost 1920"]
[Site "Germany"]
[Date "2019.11.24"]
[Round "4.3"]
[White "Mischustov, Michael"]
[Black "Kazakouski, Valery"]
[Result "1/2-1/2"]
[WhiteElo "2340"]
[BlackElo "2474"]
[PlyCount "160"]
[EventDate "2019.10.19"]
[EventType "team-tourn"]
[EventRounds "11"]
[EventCountry "GER"]
[SourceTitle "CBM 194 Extra"]
[Source "ChessBase"]
[SourceDate "2020.03.31"]
[SourceVersion "1"]
[SourceVersionDate "2020.03.31"]
[SourceQuality "1"]
[WhiteTeam "Nuernberg NT"]
[BlackTeam "Bad Mergentheim"]
[WhiteTeamCountry "GER"]
[BlackTeamCountry "GER"]

1. e4 c5 2. Nf3 a6 3. g3 b5 4. Bg2 Bb7 5. d3 e6 6. 0-0 d6 7. Re1 Nf6 8. Nbd2 Be7 9. c3 Qb6 10. a4 Nc6 11. axb5 axb5 12. Rxa8+ Bxa8 13. Nf1 0-0 14. h3 Rc8 15. N1h2 b4 16. c4 Bb7 17. Ng4 Ra8 18. Be3 Nxg4 19. hxg4 Bf6 20. Qd2 Ra2 21. Rb1 Qa7 22. Kh2 g6 23. Bh6 Ra1 24. Qf4 Ne5 25. Kh3 Bh8 26. Qg5 Nc6 27. Rxa1 Qxa1 28. e5 dxe5 29. Qe3 Nd4 30. Nxd4 exd4 31. Qg5 Bxg2+ 32. Kxg2 Qa8+ 33. f3 Qc8 34. Qe7 Bg7 35. Bxg7 Kxg7 36. g5 Qf8 37. Qf6+ Kg8 38. Qe5 h6 39. f4 hxg5 40. fxg5 Qa8+ 41. Kf2 Qa4 42. Qb8+ Kg7 43. Qe5+ Kh7 44. Qf6 Qa7 45. Qf4 Kg8 46. g4 Kf8 47. Qd6+ Ke8 48. Ke2 Qa5 49. Kf2 b3 50. Ke2 Qa8 51. Kf2 Qa7 52. Ke2 Qa5 53. Qb8+ Ke7 54. Qxb3 Qa8 55. Kf2 Qh1 56. Kg3 Qe1+ 57. Kh3 Qe3+ 58. Kh4 Qf2+ 59. Kh3 Qf3+ 60. Kh2 Qf4+ 61. Kh3 Qxg5 62. Qb6 Qe3+ 63. Kh4 Qe1+ 64. Kh3 Qe5 65. b4 Qe3+ 66. Kh4 Qe1+ 67. Kg5 Qd2+ 68. Kh4 Qxb4 69. Qc7+ Kf8 70. Qe5 Qa5 71. Qd6+ Kg8 72. Kg5 Qe1 73. Kf6 Qf2+ 74. Ke7 Kg7 75. Qxc5 Qf4 76. Ke8 Qb8+ 77. Kd7 Qf4 78. Ke8 e5 79. Qf8+ Kh7 80. g5 e4 1/2-1/2

[Event "BL2-Ost 1920"]
[Site "Germany"]
[Date "2019.10.19"]
[Round "1.4"]
[White "Mischustov, Michael"]
[Black "Stojanovic, Dalibor"]
[Result "1/2-1/2"]
[WhiteElo "2340"]
[BlackElo "2501"]
[PlyCount "90"]
[EventDate "2019.10.19"]
[EventType "team-tourn"]
[EventRounds "11"]
[EventCountry "GER"]
[SourceTitle "CBM 194 Extra"]
[Source "ChessBase"]
[SourceDate "2020.03.31"]
[SourceVersion "1"]
[SourceVersionDate "2020.03.31"]
[SourceQuality "1"]
[WhiteTeam "Nuernberg NT"]
[BlackTeam "Deggendorf"]
[WhiteTeamCountry "GER"]
[BlackTeamCountry "GER"]

1. e4 c5 2. Nf3 Nc6 3. Bb5 d6 4. 0-0 Bd7 5. Re1 Nf6 6. c3 a6 7. Bf1 Bg4 8. h3 Bxf3 9. Qxf3 e6 10. d3 Be7 11. Qe2 0-0 12. Nd2 d5 13. Nf3 b5 14. Bf4 Re8 15. Ne5 Nxe5 16. Bxe5 dxe4 17. dxe4 Nd7 18. Red1 Qc8 19. Bd6 Nb6 20. Qe3 Qc6 21. Bxe7 Rxe7 22. Rd2 Rd7 23. Rxd7 Nxd7 24. Rd1 Nf6 25. e5 Nd5 26. Qe4 c4 27. Be2 Qc7 28. Bf3 Rb8 29. Rd4 h6 30. Qe2 Ne7 31. Rd6 Ng6 32. Qe3 b4 33. cxb4 Rxb4 34. Qd2 Rb8 35. Be4 Nxe5 36. Rxa6 Rd8 37. Ra8 Rxa8 38. Bxa8 Qa7 39. Be4 f5 40. Bb1 Qc5 41. Bc2 Nc6 42. Qd7 Nd4 43. Bd1 g6 44. Qd8+ Kg7 45. Qd7+ Kg8 1/2-1/2

[Event "BL2-Ost 1819"]
[Site "Germany"]
[Date "2018.11.11"]
[Round "2.4"]
[White "Haba, Petr"]
[Black "Mischustov, Michael"]
[Result "1-0"]
[WhiteElo "2445"]
[BlackElo "2333"]
[PlyCount "125"]
[EventDate "2018.11.10"]
[EventType "team-tourn"]
[EventRounds "10"]
[EventCountry "GER"]
[SourceTitle "CBM 190 Extra"]
[Source "ChessBase"]
[SourceDate "2019.07.15"]
[SourceVersion "1"]
[SourceVersionDate "2019.07.15"]
[SourceQuality "1"]
[WhiteTeam "Erfurt"]
[BlackTeam "Nuernberg NT"]
[WhiteTeamCountry "GER"]
[BlackTeamCountry "GER"]

1. e4 e6 2. d4 d5 3. e5 b6 4. c3 Qd7 5. a4 Ba6 6. Bxa6 Nxa6 7. a5 c6 8. Ne2 Ne7 9. Nd2 b5 10. b4 0-0-0 11. Nf3 h6 12. Qd3 g6 13. Bd2 Bg7 14. 0-0-0 Rdf8 15. Nf4 Kb8 16. Qe2 Kc8 17. g4 Rfg8 18. h4 Bf8 19. h5 g5 20. Nd3 Kb8 21. Nh2 Nc8 22. f4 gxf4 23. Bxf4 Qd8 24. Rdf1 Rh7 25. Rf3 Be7 26. Rhf1 Qf8 27. Qe1 Kb7 28. Kc2 Ka8 29. Bg3 Rgg7 30. Bh4 Bxh4 31. Qxh4 Ne7 32. Nf4 Nc7 33. Kb3 Qe8 34. R1f2 Kb7 35. Nf1 Na6 36. Ne3 Qd7 37. Nc2 Ng8 38. Nh3 Qe7 39. Qg3 Qd8 40. Qf4 Qe8 41. g5 Qd8 42. Rg3 Ne7 43. Ne3 c5 44. dxc5 Nc6 45. g6 d4 46. gxh7 dxe3 47. Rxe3 Rxh7 48. Qe4 Qd1+ 49. Kb2 f5 50. Qf3 Qa4 51. Rd2 Naxb4 52. cxb4 Qxb4+ 53. Kc1 Kc7 54. Nf4 Re7 55. Ne2 Rg7 56. Rb3 Qa4 57. Qd3 a6 58. Kb2 Kb7 59. Nc3 Qxa5 60. Nxb5 Nb4 61. Nc3 Ka7 62. Qd6 Rb7 63. c6 1-0

[Event "Oberliga Bayern 1415"]
[Site "Germany"]
[Date "2015.04.12"]
[Round "9.2"]
[White "Speckner, Roland"]
[Black "Mischustov, Michael"]
[Result "0-1"]
[WhiteElo "2335"]
[BlackElo "2358"]
[PlyCount "64"]
[EventDate "2014.10.19"]
[EventType "team-tourn"]
[EventRounds "9"]
[EventCountry "GER"]
[SourceTitle "EXT 2016"]
[Source "ChessBase"]
[SourceDate "2015.10.08"]
[SourceVersion "1"]
[SourceVersionDate "2015.10.08"]
[SourceQuality "1"]
[WhiteTeam "Kareth Lappersdorf"]
[BlackTeam "Nuernberg NT"]
[WhiteTeamCountry "GER"]
[BlackTeamCountry "GER"]

1. e4 e6 2. d4 d5 3. Nc3 Bb4 4. exd5 exd5 5. Bd3 Nc6 6. a3 Ba5 7. Bb5 Nge7 8. b4 Bb6 9. Na4 0-0 10. Ne2 Nf5 11. Bxc6 bxc6 12. c3 Ba6 13. 0-0 Re8 14. Ng3 Nxg3 15. hxg3 Be2 16. Qc2 Bxf1 17. Kxf1 a5 18. Be3 Qf6 19. Kg1 axb4 20. axb4 Qg6 21. Qd1 h6 22. Rc1 Rxe3 23. fxe3 Qxg3 24. Nb2 Qxe3+ 25. Kf1 Ra3 26. Qe1 Qf4+ 27. Kg1 Kh7 28. Kh1 Qg4 29. Rc2 Qg6 30. Rf2 Qg3 31. Qb1+ Kg8 32. Nd1 Rxc3 0-1

[Event "Oberliga Bayern 1415"]
[Site "Germany"]
[Date "2014.11.23"]
[Round "3.2"]
[White "Mischustov, Michael"]
[Black "Nestorovic, Nikola"]
[Result "0-1"]
[WhiteElo "2358"]
[BlackElo "2459"]
[PlyCount "78"]
[EventDate "2014.10.19"]
[EventType "team-tourn"]
[EventRounds "9"]
[EventCountry "GER"]
[SourceTitle "EXT 2016"]
[Source "ChessBase"]
[SourceDate "2015.10.08"]
[SourceVersion "1"]
[SourceVersionDate "2015.10.08"]
[SourceQuality "1"]
[WhiteTeam "Nuernberg NT"]
[BlackTeam "Goeggingen"]
[WhiteTeamCountry "GER"]
[BlackTeamCountry "GER"]

1. e4 e5 2. Nf3 Nc6 3. Bb5 Nge7 4. 0-0 g6 5. d4 exd4 6. Nxd4 Bg7 7. Be3 a6 8. Be2 0-0 9. Nxc6 Nxc6 10. Nc3 d6 11. Qd2 Be6 12. Bh6 Qf6 13. Bxg7 Qxg7 14. Rad1 Rae8 15. f4 Ne7 16. Bf3 b5 17. a3 Kh8 18. Rfe1 Nc8 19. b3 Nb6 20. Qe3 Bd7 21. Qd3 f5 22. g3 g5 23. Bh5 Re7 24. fxg5 Qxg5 25. Bf3 f4 26. Bg2 Bg4 27. gxf4 Rxf4 28. Rd2 Ref7 29. e5 dxe5 30. Qd8+ Qxd8 31. Rxd8+ Kg7 32. Rxe5 Bf5 33. Ne2 Rg4 34. h3 Rh4 35. Ng3 Bxc2 36. b4 Bg6 37. Re3 Rc4 38. Rd2 Rc1+ 39. Kh2 Nc4 0-1

[Event "Oberliga Bayern 1415"]
[Site "Germany"]
[Date "2014.10.19"]
[Round "1.2"]
[White "Mischustov, Michael"]
[Black "Taggatz, Mario"]
[Result "1/2-1/2"]
[WhiteElo "2358"]
[BlackElo "2241"]
[PlyCount "90"]
[EventDate "2014.10.19"]
[EventType "team-tourn"]
[EventRounds "9"]
[EventCountry "GER"]
[SourceTitle "EXT 2016"]
[Source "ChessBase"]
[SourceDate "2015.10.08"]
[SourceVersion "1"]
[SourceVersionDate "2015.10.08"]
[SourceQuality "1"]
[WhiteTeam "Nuernberg NT"]
[BlackTeam "Groebenzell"]
[WhiteTeamCountry "GER"]
[BlackTeamCountry "GER"]

1. e4 e6 2. d4 d5 3. Nc3 dxe4 4. Nxe4 Bd7 5. Nf3 Bc6 6. Bd3 Nd7 7. 0-0 Ngf6 8. Ng3 Be7 9. Qe2 Bxf3 10. Qxf3 c6 11. b3 0-0 12. Bb2 Qc7 13. c4 Rfd8 14. Rad1 Nf8 15. Bb1 Rd7 16. Bc3 Rad8 17. Rfe1 a5 18. Bb2 Ng6 19. Bc2 b5 20. Ne4 bxc4 21. bxc4 Nxe4 22. Bxe4 Bf6 23. Bxc6 Rd6 24. Bb5 Bxd4 25. Bxd4 Rxd4 26. Rxd4 Rxd4 27. h3 h6 28. Rd1 e5 29. Rxd4 exd4 30. Qa8+ Kh7 31. Qe4 Qd6 32. Qf5 Qf4 33. Qxf4 Nxf4 34. c5 Ne6 35. c6 Kg6 36. Bc4 Kf6 37. Kf1 Ke7 38. Ke2 Kd6 39. Kd3 Nd8 40. Kxd4 Nxc6+ 41. Ke4 f6 42. f4 Ne7 43. Kd4 Nf5+ 44. Ke4 Ne7 45. Kd4 Nf5+ 1/2-1/2

[Event "BL2-Ost 1314"]
[Site "Germany"]
[Date "2013.11.24"]
[Round "5.3"]
[White "Baldauf, Marco"]
[Black "Mischustov, Michael"]
[Result "1/2-1/2"]
[WhiteElo "2402"]
[BlackElo "2353"]
[PlyCount "98"]
[EventDate "2013.10.12"]
[EventType "team-tourn"]
[EventRounds "10"]
[EventCountry "GER"]
[SourceTitle "EXT 2015"]
[Source "ChessBase"]
[SourceDate "2014.11.20"]
[SourceVersion "1"]
[SourceVersionDate "2014.11.20"]
[SourceQuality "1"]
[WhiteTeam "Rosenheim Pang"]
[BlackTeam "Nuernberg"]
[WhiteTeamCountry "GER"]
[BlackTeamCountry "GER"]

1. Nf3 Nf6 2. c4 e6 3. g3 b6 4. Bg2 Bb7 5. 0-0 g6 6. Nc3 Bg7 7. Re1 d5 8. cxd5 Nxd5 9. Nxd5 Bxd5 10. e4 Bb7 11. d4 0-0 12. Bg5 Qd6 13. Qe2 h6 14. Bf4 Qe7 15. Rac1 Na6 16. Qd2 g5 17. Be3 Qb4 18. Qc2 f5 19. Ne5 Bxe5 20. dxe5 Bxe4 21. Bxe4 Qxe4 22. Qe2 f4 23. Qxa6 fxe3 24. Rxe3 Qf5 25. Qe2 Rf7 26. Rc2 Rd8 27. Rd2 Qb1+ 28. Kg2 Rxd2 29. Qxd2 Qxa2 30. Ra3 Qc4 31. Rxa7 Qe4+ 32. Kg1 Qxe5 33. Ra8+ Kg7 34. Rd8 c5 35. Rd7 Qf6 36. Rxf7+ Kxf7 37. Qd7+ Kg6 38. Qe8+ Kf5 39. b3 e5 40. Qd7+ Ke4 41. h3 h5 42. Kf1 h4 43. g4 Qf4 44. Qc6+ Kd3 45. Qxb6 Qf3 46. Qd6+ Kc2 47. Qxc5+ Kxb3 48. Qb5+ Ka3 49. Qa5+ Kb3 1/2-1/2

[Event "BL2-Ost 1314"]
[Site "Germany"]
[Date "2013.11.24"]
[Round "6.3"]
[White "Mischustov, Michael"]
[Black "Hertneck, Gerald"]
[Result "1-0"]
[WhiteElo "2353"]
[BlackElo "2492"]
[PlyCount "97"]
[EventDate "2013.10.12"]
[EventType "team-tourn"]
[EventRounds "10"]
[EventCountry "GER"]
[SourceTitle "EXT 2015"]
[Source "ChessBase"]
[SourceDate "2014.11.20"]
[SourceVersion "1"]
[SourceVersionDate "2014.11.20"]
[SourceQuality "1"]
[WhiteTeam "Nuernberg"]
[BlackTeam "Zugzwang MSA"]
[WhiteTeamCountry "GER"]
[BlackTeamCountry "GER"]

1. e4 e6 2. d4 d5 3. e5 c5 4. c3 Nc6 5. Nf3 Bd7 6. a3 Nge7 7. Bd3 cxd4 8. cxd4 Qb6 9. Bc2 Nf5 10. Bxf5 exf5 11. Nc3 Be6 12. 0-0 Rc8 13. Na4 Qb5 14. b4 a5 15. bxa5 Nxa5 16. Bd2 Nc4 17. Rb1 Qc6 18. Bb4 Bxb4 19. Rxb4 0-0 20. Qb3 Ra8 21. Ra1 Ra5 22. Nc3 b6 23. h3 Rfa8 24. a4 h6 25. Nb5 f4 26. Kh2 Qd7 27. Ra2 R5a6 28. Nc3 g5 29. Rb5 Rc8 30. Qb4 Qd8 31. Rc2 h5 32. h4 g4 33. Ng5 Na5 34. Rc1 Nc6 35. Qb1 Nxd4 36. Qh7+ Kf8 37. Qh8+ Ke7 38. Nxd5+ Kd7 39. Nxb6+ Rxb6 40. Qxd8+ Rxd8 41. Rxb6 g3+ 42. fxg3 fxg3+ 43. Kh1 Ke7 44. Rd6 Rxd6 45. exd6+ Kxd6 46. Ne4+ Ke5 47. Nxg3 Kf4 48. Nxh5+ Kg4 49. Ng7 1-0

[Event "Oberliga Bayern 1213"]
[Site "Bayern"]
[Date "2012.12.09"]
[Round "4.2"]
[White "Mischustov, Michael"]
[Black "Testor, Sebastian"]
[Result "1/2-1/2"]
[WhiteElo "2337"]
[BlackElo "2231"]
[PlyCount "73"]
[EventDate "2012.10.14"]
[EventType "team-tourn"]
[EventRounds "9"]
[EventCountry "GER"]
[SourceTitle "EXT 2015"]
[Source "ChessBase"]
[SourceDate "2014.11.20"]
[SourceVersion "1"]
[SourceVersionDate "2014.11.20"]
[SourceQuality "1"]
[WhiteTeam "Nuernberg NT"]
[BlackTeam "Passau"]
[WhiteTeamCountry "GER"]
[BlackTeamCountry "GER"]

1. e4 e6 2. d4 d5 3. e5 c5 4. c3 Qb6 5. Nf3 Nc6 6. a3 Bd7 7. b4 cxd4 8. cxd4 Rc8 9. Be3 Nh6 10. Bd3 Ng4 11. 0-0 Be7 12. Nbd2 Nxe3 13. fxe3 Nd8 14. Nb3 Ba4 15. Qb1 Bxb3 16. Qxb3 f5 17. exf6 Bxf6 18. Rac1 Rxc1 19. Rxc1 g6 20. Qa4+ Ke7 21. Rc5 a6 22. b5 a5 23. Qc2 Kd7 24. Qf2 Qd6 25. Qe1 Qb6 26. Qg3 Qd6 27. Qg4 Nf7 28. b6 Rc8 29. Rxa5 Ke7 30. Qf4 Qxf4 31. exf4 Rc6 32. Rb5 Nd6 33. Rb3 Nc8 34. Ba6 Nd6 35. Bd3 Nc8 36. Ba6 Nd6 37. Bd3 1/2-1/2

[Event "BL2-Ost 1112"]
[Site "Germany"]
[Date "2012.03.18"]
[Round "8.3"]
[White "Mischustov, Michael"]
[Black "Zebisch, Paul"]
[Result "1/2-1/2"]
[WhiteElo "2339"]
[BlackElo "2185"]
[PlyCount "97"]
[EventDate "2011.10.02"]
[EventType "team-tourn"]
[EventRounds "9"]
[EventCountry "GER"]
[SourceTitle "EXT 2015"]
[Source "ChessBase"]
[SourceDate "2014.11.20"]
[SourceVersion "1"]
[SourceVersionDate "2014.11.20"]
[SourceQuality "1"]
[WhiteTeam "Nuernberg"]
[BlackTeam "Leipzig SG"]
[WhiteTeamCountry "GER"]
[BlackTeamCountry "GER"]

1. e4 e5 2. Nf3 Nc6 3. Bb5 a6 4. Bxc6 dxc6 5. Nc3 f6 6. d4 exd4 7. Nxd4 c5 8. Nde2 Qxd1+ 9. Nxd1 Be6 10. Bf4 0-0-0 11. Ne3 Ne7 12. Rd1 Rxd1+ 13. Kxd1 g5 14. Bg3 Bg7 15. h4 h6 16. Kc1 f5 17. exf5 Nxf5 18. Nxf5 Bxf5 19. hxg5 hxg5 20. Rxh8+ Bxh8 21. f3 Be6 22. Be1 g4 23. Bc3 gxf3 24. gxf3 Bxc3 25. Nxc3 Bf5 26. Ne4 b6 27. Kd2 Kd7 28. Ke3 Ke6 29. Kf4 Bg6 30. c3 Kd5 31. Nd2 Ke6 32. Ke3 a5 33. c4 Ke5 34. f4+ Ke6 35. Ne4 Bf5 36. Nc3 Kd6 37. Ne4+ Ke6 38. Nc3 Kd6 39. Kd2 Bg6 40. Nb5+ Kd7 41. Ke3 Bf7 42. Kd3 Bg6+ 43. Kd2 Bf7 44. b3 a4 45. Nc3 axb3 46. axb3 Bg6 47. Nd5 Kd6 48. Ne3 Be4 49. Kc3 1/2-1/2

[Event "BL2-Ost 1112"]
[Site "Germany"]
[Date "2012.01.15"]
[Round "5.2"]
[White "Koepke, Christian"]
[Black "Mischustov, Michael"]
[Result "1/2-1/2"]
[WhiteElo "2388"]
[BlackElo "2339"]
[PlyCount "93"]
[EventDate "2011.10.02"]
[EventType "team-tourn"]
[EventRounds "9"]
[EventCountry "GER"]
[SourceTitle "EXT 2015"]
[Source "ChessBase"]
[SourceDate "2014.11.20"]
[SourceVersion "1"]
[SourceVersionDate "2014.11.20"]
[SourceQuality "1"]
[WhiteTeam "Muenchen Tarrasch"]
[BlackTeam "Nuernberg"]
[WhiteTeamCountry "GER"]
[BlackTeamCountry "GER"]

1. e4 e6 2. d4 d5 3. Nc3 Bb4 4. Nge2 Ne7 5. a3 Ba5 6. g3 Nbc6 7. b4 Bb6 8. Bb2 0-0 9. Bg2 dxe4 10. Nxe4 Nf5 11. c3 Nce7 12. c4 c6 13. a4 Bc7 14. Qb3 Nd6 15. Nc5 b6 16. Ne4 Nxe4 17. Bxe4 Rb8 18. 0-0 c5 19. dxc5 bxc5 20. Rfd1 Qe8 21. b5 f5 22. Bg2 f4 23. Nxf4 Bxf4 24. gxf4 Ng6 25. Qg3 Bb7 26. Be5 Bxg2 27. Qxg2 Rc8 28. Ra3 Qf7 29. Rg3 Rcd8 30. Re1 Rd2 31. Qe4 Rfd8 32. Bc3 Rd1 33. Rg4 Qf5 34. f3 Rxe1+ 35. Bxe1 Qf7 36. Bf2 Ne7 37. Bxc5 Nf5 38. h3 h5 39. Rg2 h4 40. Bf2 Rd1+ 41. Kh2 Nd6 42. Qa8+ Kh7 43. Bxh4 Qxf4+ 44. Bg3 Qc1 45. Bxd6 Rh1+ 46. Kg3 Qg5+ 47. Kf2 1/2-1/2

[Event "BL2-Ost 1112"]
[Site "Germany"]
[Date "2011.10.24"]
[Round "2.3"]
[White "Seyb, Alexander"]
[Black "Mischustov, Michael"]
[Result "1/2-1/2"]
[WhiteElo "2314"]
[BlackElo "2339"]
[PlyCount "44"]
[EventDate "2011.10.02"]
[EventType "team-tourn"]
[EventRounds "9"]
[EventCountry "GER"]
[SourceTitle "EXT 2015"]
[Source "ChessBase"]
[SourceDate "2014.11.20"]
[SourceVersion "1"]
[SourceVersionDate "2014.11.20"]
[SourceQuality "1"]
[WhiteTeam "Forchheim"]
[BlackTeam "Nuernberg"]
[WhiteTeamCountry "GER"]
[BlackTeamCountry "GER"]

1. e4 e6 2. d4 d5 3. Nc3 Bb4 4. e5 Qd7 5. a3 Bxc3+ 6. bxc3 b6 7. Qg4 f5 8. Qg3 Ba6 9. Bxa6 Nxa6 10. Ne2 0-0-0 11. a4 Kb7 12. 0-0 h6 13. Qg6 h5 14. Bg5 Re8 15. Nf4 Nh6 16. h4 Nf7 17. Qxg7 Nb8 18. Rfe1 Nc6 19. c4 Rhg8 20. Qh7 Rh8 21. Qg7 Rhg8 22. Qh7 Rh8 1/2-1/2

[Event "Oberliga Bayern 1011"]
[Site "Germany"]
[Date "2010.10.24"]
[Round "2.3"]
[White "Mischustov, Michael"]
[Black "Pohl Kuemmel, Jens Uwe"]
[Result "1/2-1/2"]
[WhiteElo "2312"]
[BlackElo "2232"]
[PlyCount "66"]
[EventDate "2010.10.10"]
[EventType "team-tourn"]
[EventRounds "9"]
[EventCountry "GER"]
[SourceTitle "EXT 2012"]
[Source "ChessBase"]
[SourceDate "2011.11.24"]
[SourceVersion "1"]
[SourceVersionDate "2011.11.24"]
[SourceQuality "1"]
[WhiteTeam "Nuernberg NT"]
[BlackTeam "Regensburg Fortuna"]
[WhiteTeamCountry "GER"]
[BlackTeamCountry "GER"]

1. e4 d6 2. d4 Nf6 3. Nc3 g6 4. g3 Bg7 5. Bg2 0-0 6. Nge2 e5 7. h3 Nc6 8. Be3 exd4 9. Nxd4 Bd7 10. 0-0 Re8 11. Re1 a6 12. Nxc6 Bxc6 13. Bd4 Re6 14. Qd3 Qe8 15. Re3 Rd8 16. Rae1 Nd7 17. Bxg7 Kxg7 18. Nd5 Rc8 19. Qc3+ Kg8 20. Nf4 Re7 21. h4 Nb6 22. h5 Qf8 23. hxg6 hxg6 24. b3 Rce8 25. Nd5 Bxd5 26. exd5 Rxe3 27. Rxe3 Rxe3 28. Qxe3 Qd8 29. c4 Nd7 30. Qa7 Qb8 31. Qe3 Qd8 32. Qa7 Qb8 33. Qe3 Qd8 1/2-1/2

[Event "BL2-Ost 0910"]
[Site "Germany"]
[Date "2010.03.21"]
[Round "8.2"]
[White "Mischustov, Michael"]
[Black "Koepke, Christian"]
[Result "1/2-1/2"]
[WhiteElo "2354"]
[BlackElo "2365"]
[PlyCount "84"]
[EventDate "2009.10.18"]
[EventType "team-tourn"]
[EventRounds "9"]
[EventCountry "GER"]
[SourceTitle "EXT 2011"]
[Source "ChessBase"]
[SourceDate "2010.11.26"]
[SourceVersion "1"]
[SourceVersionDate "2010.11.26"]
[SourceQuality "1"]
[WhiteTeam "Nuernberg"]
[BlackTeam "Muenchen Tarrasch"]
[WhiteTeamCountry "GER"]
[BlackTeamCountry "GER"]

1. e4 Nf6 2. e5 Nd5 3. d4 d6 4. Nf3 g6 5. Be2 Bg7 6. c4 Nb6 7. exd6 cxd6 8. 0-0 0-0 9. Nc3 Nc6 10. h3 Bf5 11. b3 d5 12. c5 Nd7 13. Bb2 Be4 14. Na4 Bxf3 15. Bxf3 e6 16. Qd2 b5 17. cxb6 axb6 18. Be2 Nf6 19. Rac1 Ne4 20. Qe3 Ne7 21. Qd3 Nf5 22. Bg4 Nfd6 23. a3 Rb8 24. Bf3 Ng5 25. Rc2 Qf6 26. Be2 Nf5 27. Rd1 Ne4 28. Bf3 Ned6 29. Bg4 Ne7 30. Rc7 h5 31. Be2 Ne4 32. Qf3 Nf5 33. Bd3 Qd8 34. Rcc1 b5 35. Nc5 Nxc5 36. Rxc5 Bxd4 37. Bxd4 Nxd4 38. Qe3 Qf6 39. Bxg6 Nxb3 40. Qxb3 fxg6 41. f3 Qf4 42. Qd3 Qf5 1/2-1/2